MARC

LEADER 00000nas1a2200000 4500
001 379832
005 20231101062631.0
035 |a (RuTPU)RU\TPU\prd\279 
035 |a PERI00000279 
090 |a 379832 
100 |a 20011210a19689999k y0engy50 ba 
101 0 |a eng 
102 |a GB 
110 |a azaz|||0uu0 
200 1 |a Journal of Physics  |h Ser. A  |i General Physics  |e журнал 
210 |d 1968-1973, 1975  |c Taylor & Francis Group  |a London 
430 1 |0 (RuTPU)RU\TPU\prd\283  |t The Proceedings of the Physical Society. Ser. A  |o журнал  |c London  |n Taylor & Francis Group  |d 1950-1957 
430 1 |0 (RuTPU)RU\TPU\prd\278  |t Proceedings of the Physical Society  |o журнал  |c London  |n Taylor & Francis Group  |d 1958-1967 
610 1 |a физика 
610 1 |a атомная физика 
610 1 |a молекулярная физика 
801 0 |a RU  |b 63413507  |c 20011210  |g PSBO 
801 2 |a RU  |b 63413507  |c 20160919  |g PSBO 
942 |c CR